| 000 | 00944cam a22002895a 4500 | ||
|---|---|---|---|
| 001 | 16464842 | ||
| 005 | 20201128020852.0 | ||
| 008 | 100917s2011 si a frb 001 0 eng d | ||
| 010 | _a2010483792 | ||
| 020 | _a9810685092 | ||
| 020 | _a9789810685096 | ||
| 040 |
_aDLC _beng _cDLC _dDLC _dEG-ScBUE _dEG-ScBUE |
||
| 082 | 0 | 4 |
_a620.1123 _bHIB _222 |
| 100 | 1 |
_aHibbeler, R. C. _910021 |
|
| 245 | 1 | 0 |
_aMechanics of materials / _cR. C. Hibbeler ; SI Conversion by S. C. Fan. |
| 250 | _a8th ed., SI units ed. | ||
| 260 |
_aJurong : _bPrentice Hall / Pearson Education South Asia, _c2011. |
||
| 300 |
_axxii, 866 p. : _bill. (col.) ; _c24 cm. |
||
| 500 | _aIndex : p. 854-862. | ||
| 504 | _aIncludes bibliographical references. | ||
| 650 | 7 |
_aMaterials. _2BUEsh _91256 |
|
| 650 | 7 |
_aStrength of materials. _2BUEsh _910669 |
|
| 651 | _2BUEsh | ||
| 653 |
_bENGMEC _cDecember2014 _cFebruary2016 |
||
| 700 | 1 |
_aFan, S. C., _eeditor. |
|
| 942 |
_2ddc _cNB |
||
| 999 |
_c15013 _d15013 |
||